The agenda : what every business must do to dominate the decade /

Bibliographic Details
Main Author: Hammer, Michael, 1948-2008
Format: Book
Language:English
Published: New York : Crown Business, [2001]
Edition:1st ed.
Subjects:

MARC

Tag First Indicator Second Indicator Subfields
LEADER 00000cam a22000004a 4500
001 in00001639627
005 20151023084220.0
008 010420s2001 nyu 001 0 eng
010 |a  2001028954 
020 |a 0609609661 
035 |a (OCoLC)ocm46835298 
040 |a DLC  |c DLC  |d JBO  |d C#P  |d UtOrBLW 
042 |a pcc 
049 |a TXAM 
050 0 0 |a HD58.8  |b .H3548 2001 
082 0 0 |a 658  |2 21 
100 1 |a Hammer, Michael,  |d 1948-2008. 
245 1 4 |a The agenda :  |b what every business must do to dominate the decade /  |c Michael Hammer. 
246 3 0 |a What every business must do to dominate the decade 
250 |a 1st ed. 
264 1 |a New York :  |b Crown Business,  |c [2001] 
264 4 |c ©2001 
300 |a xv, 269 pages ;  |c 25 cm. 
336 |a text  |b txt  |2 rdacontent 
337 |a unmediated  |b n  |2 rdamedia 
338 |a volume  |b nc  |2 rdacarrier 
500 |a Includes index. 
650 0 |a Organizational change. 
650 0 |a Organizational effectiveness. 
650 0 |a Consumer satisfaction. 
650 0 |a Competition. 
994 |a E0  |b TXA 
948 |a cataloged  |b h  |c 2001/11/27  |d c  |e ceaton  |f 11:08:13 am 
999 |a MARS 
999 f f |s d06ced3a-2d22-36e1-91e9-f9b17cb46cb5  |i 5f73e07b-79aa-3b28-a43c-867bf0687e13  |t 0 
952 f f |p ric  |a Texas A&M University  |b Rellis Campus  |c Joint Library Facility  |d Remote Storage  |t 0  |e HD58.8 .H3548 2001  |h Library of Congress classification  |i unmediated -- volume  |m A14828343453 
998 f f |a HD58.8 .H3548 2001  |t 0  |l Remote Storage